|
|
|
|
| LEADER |
00000nam a2200000 4500 |
| 001 |
vtls001515695 |
| 003 |
SK-MaSNL |
| 005 |
20260302073835.0 |
| 008 |
251112s1583 sz c f 01100 lat |
| 015 |
|
|
|a SNBHFA
|
| 035 |
|
|
|a P1k24485Bak
|
| 040 |
|
|
|a SNKHF
|b slo
|c SNKHF
|e rda
|
| 041 |
0 |
|
|a lat
|
| 044 |
|
|
|a sz
|c CH
|
| 072 |
|
7 |
|a 2-1
|x Prirodzená teológia. Náboženská filozofia
|2 konspekt
|
| 080 |
|
|
|a 2‑1
|2 2011
|
| 080 |
|
|
|a 2‑21
|2 2011
|
| 080 |
|
|
|a 2‑273
|2 2011
|
| 100 |
1 |
|
|a Marty, Benedikt,
|d 1505-1574
|4 aut
|4 dto
|9 167851
|
| 245 |
1 |
0 |
|a Problemata Theologica Continentia Praecipvos Christianae Religionis Locos, Brevi Et Dilvcida Ratione Explicatos
|c Avthore D. Benedicto Aretio Bernensi Theologo. Huic postremae editioni acceßit noua & concinna locorum suo ordine dispositio, breuibus adhibitis ad marginem notis, cum rerum & verborum Indice locupletißimo
|
| 264 |
|
3 |
|a Morgiis
|b Excudebat Joannes le Preux, illustrißimorum Do. Bernensium Typographus
|c MDLXXXIII (1583)
|
| 300 |
|
|
|a 8 nečíslovaných listov, 620 strán, 12 nečíslovaných listov
|b portrét
|c 4°
|
| 336 |
|
|
|a text
|b txt
|2 rdacontent
|
| 336 |
|
|
|a statický obraz
|b sti
|2 rdacontent
|
| 337 |
|
|
|a bez média
|b n
|2 rdamedia
|
| 338 |
|
|
|a zväzok
|b nc
|2 rdacarrier
|
| 500 |
|
|
|a Signet, vinety, vlysy, linky, iniciálky s ornamentálnym a figurálnym pozadím v rámčeku a vo voľnom priestore na 5 - 10 riadkov, drevorezový portrét
|
| 501 |
|
|
|a Príväzok 1. k: URSINUS, Zacharias. Tractationes theologicae. Nevstadii Palatinorvm: Matthäus Harnisch, 1584.
|5 SNK IB 75071
|
| 504 |
|
|
|a Marginálie, kustody
|
| 508 |
|
|
|a Dedikácia: Marty, Benedikt; Steiger, Johann; Príležitostné básne: Serres, Jean de; Rossinet, Peter; Chauveton, Urbain; M. P.
|
| 510 |
4 |
|
|a GLN
|c 3024
|
| 546 |
|
|
|a Latinčina
|b Antikva
|b Kurzíva
|
| 546 |
|
|
|a Gréčtina
|b Antikva
|
| 561 |
|
|
|a Z knižnice františkánov Bratislava.
|5 SNK IB 75071/prív.1
|
| 562 |
|
|
|a Defekt: chýba koniec diela pred indexom.
|5 SNK IB 75071/prív.1
|
| 562 |
|
|
|a Defekt: chýba titulný list a niekoľko strán na konci knihy.
|5 SNK IB 68998
|
| 563 |
|
|
|a Väzba: vyleštený žltý pergamen prefarbený dočerfená so šnúrkami
|5 SNK IB 68998
|
| 650 |
0 |
7 |
|a teológia
|2 SNKPH
|9 1814
|
| 650 |
0 |
7 |
|a kresťanstvo
|2 SNKPH
|9 2024
|
| 650 |
0 |
7 |
|a náboženstvo
|2 SNKPH
|9 2023
|
| 700 |
1 |
|
|a Marty, Benedikt,
|d 1505-1574
|4 hnr
|9 167851
|
| 700 |
1 |
|
|a Serres, Jean de,
|d 1540-1598
|4 dto
|9 130424
|
| 700 |
1 |
|
|a Rossinet, Peter,
|d 16. storočie
|4 dto
|9 195859
|
| 700 |
1 |
|
|a Lani, Nikolaus
|4 hnr
|9 195860
|
| 700 |
1 |
|
|a Chauveton, Urbain,
|d 15.-16. storočie
|4 dto
|9 195861
|
| 700 |
1 |
|
|a Le Preux, Jean,
|d 1532-1609
|4 prt
|9 176751
|
| 700 |
1 |
|
|a Steiger, Johann,
|d asi 1515-1581
|4 hnr
|9 72152
|
| 710 |
0 |
|
|a Le Preux, Jean (Morges, Švajčiarsko),
|d 1579-1609
|4 prt
|9 313397
|
| 710 |
1 |
|
|a Františkáni (Bratislava, Slovensko)
|4 fmo
|9 281881
|
| 752 |
|
|
|a Švajčiarsko
|d Morges
|
| 852 |
|
|
|a Slovenská národná knižnica
|b Historické fondy
|p IB 75071/prív.1
|
| 852 |
|
|
|a Slovenská národná knižnica
|p IB 68998
|
| 958 |
|
|
|a DA
|
| 958 |
|
|
|a ONDV
|
| 999 |
|
|
|c 1162622
|d 1164552
|
| 952 |
|
|
|t Tlače 16. storočia
|a SNK
|b SNK
|c SNK_HF
|y PREZ
|7 0
|p 17A1400133
|o snkIB 68998
|i snkF 217/94
|0 0
|1 0
|4 0
|d 2023-09-19
|l 0
|r 2026-02-24 20:38:27
|w 2026-02-24
|
| 952 |
|
|
|t Fr Ba 24 485
|a SNK
|b SNK
|c SNK_HF
|y PREZ
|7 0
|p 17A1358423
|o snkIB 75071/prív.1
|i snk2020/18468
|8 5
|0 0
|1 0
|4 0
|d 2005-04-05
|l 0
|r 2005-04-05 00:00:00
|w 2026-02-24
|